000
00275nam a22001097a 4500
005
20260327102346.0
100
_a
Biju, M.N.
245
_a
Malinajalasamskkaranaplanttukal pravarthippikkumbol
260
_b
Rubber, 718(March): 11-13. 2026.
700
_a
Francis, T.
942
_c
JS
999
_c
75892
_d
75892